000
00211 a2200097 4500
001
1281
100
_a
Bothast,E.E.
245
_a
Mechanical design & systems H/B
260
_a
_b
Mcgrawhill
_c
090
_c
840
_d
840
942
_a
NUST-CAE
_c
M
_c
35156
999
_c
236354
_d
236354